Quiz o szachach wersja w języku polskim - Statystyki

Ogólne statystyki
  • Ten quiz został rozwiązany 80 razy
    69 od ostatniego zresetowania
  • Średni wynik to 18 z 20
Statystyki odpowiedzi
Zagadnienie Odpowiedź % Poprawnych
Wieża+goniec= 8 punktów
100%
Ile jest warty pion ? I punkt
100%
Figura która musi być na szachownicy w trakcie gry to: król
100%
zaznacz figurę szachową król
100%
Czy pion może zamienić się w króla? Nie
100%
Pat to remis
100%
Jaka kategoria nie istnieje ? X
100%
Ile jest białych pionów? 8
91%
Ile jest warty hetman ? 9 punktów
91%
Jaki tytuł jest najlepszy ? arcymistrz
91%
Biały hetman stoi na polu d1
91%
Czarny hetman stoi na polu d8
91%
Biały król stoi na polu e1
91%
Czarny król stoi na polu e8
91%
Wybierz sposób wygranej: mat
91%
Ile jest warty król ? ∞ punktów
91%
Jak nazywa się czas 10+0 ? rapid
82%
Jak nazywa się czas ¼ ? ultra bullet
82%
Jak się nazywa czas 1+0 bullet
73%
Czy można zostać arcymistrzem na turnieju jednodniowym ? Nie
55%
Nie znaleziono quizów pasujących do podanych kryteriów
Rozkład punktacji
Procent ludzi z każdym wynikiem
Percentyl według liczby udzielonych odpowiedzi
Twoja historia wyników
Nie rozwiązałeś tego quizu od ostatniego zresetowania